00280 a2200109 4500001000700000020000600007040001100013100004400024240004900068245004400117362000900161170271 a  cMagnum aColegio Magnum Agostiniano - 2ยช Series10aProjeto cientifico da lingua portuguesalpor10aProjeto cientifico da lingua portuguesa0 a1899